| 000 | 00569nam a2200241Ia 4500 | ||
|---|---|---|---|
| 003 | IT-RoPAU | ||
| 008 | 120407s9999 xx 000 0 und d | ||
| 040 | _aIT-RoPAU | ||
| 040 | _cIT-RoPAU | ||
| 041 | _aita | ||
| 100 | _aLuigi Moraldi | ||
| 100 | _ccur. | ||
| 245 | _aNascita e infanzia di Gesù nei più antichi codici cristiani. A cura di Moraldi Luigi. | ||
| 250 | _aMilano | ||
| 260 | _aMondadori Arnoldo | ||
| 260 | _c1989 | ||
| 300 | _a318 p. | ||
| 300 | _c19 cm | ||
| 490 | _aUomini e religioni | ||
| 490 | _v141 | ||
| 942 | _cBK | ||
| 999 |
_c32413 _d32413 |
||